Discursos de recepción leídos en la Real Academia de Ciencias Morales y Políticas (Record no. 173062)

MARC details
000 -LEADER
campo de control de longitud fija 02106nas a2200325 i 4500
001 - NÚMERO DE CONTROL
campo de control 173062
003 - IDENTIFICADOR DE NÚMERO DE CONTROL
campo de control ES-MaACL
005 - FECHA Y HORA DE LA ÚLTIMA TRANSACCIÓN
campo de control 20251108164635.0
007 - CAMPO FIJO DE DESCRIPCIÓN FÍSICA--INFORMACIÓN GENERAL
campo de control de longitud fija t|
008 - DATOS DE LONGITUD FIJA--INFORMACIÓN GENERAL
campo de control de longitud fija 091021d1924 sp a| m o| ||pa d
080 ## - NÚMERO DE LA CLASIFICACIÓN DECIMAL UNIVERSAL
Número de la Clasificación Decimal Universal 3 : 061.12(460)
110 2# - ENTRADA PRINCIPAL--NOMBRE DE ENTIDAD CORPORATIVA
Nombre de entidad corporativa o nombre de jurisdicción como elemento de entrada Real Academia de Ciencias Morales y Políticas (España)
9 (RLIN) 222050
245 10 - MENCIÓN DEL TÍTULO
Título Discursos de recepción leídos en la Real Academia de Ciencias Morales y Políticas
Fechas predominantes 1919-1920.
260 ## - PUBLICACIÓN, DISTRIBUCIÓN, ETC.
Lugar de publicación, distribución, etc. Madrid :
Nombre del editor, distribuidor, etc. [s. n.],
Fecha de publicación, distribución, etc. 1924 (Est. Tip. de Jaime Ratés Martín)
300 ## - DESCRIPCIÓN FÍSICA
Extensión 1 v. ;
Dimensiones 26 cm.
505 80 - NOTA DE CONTENIDO CON FORMATO
Nota de contenido con formato Contiene: Tomo XIII: La organización económica nacional / Luis Marichalar y Monreal (150 p.). Contestación / Eduardo Sanz y Escartín (p. 151-175). La prerrogativa regia y la reforma constitucional / José Manuel Pedregal (p. 177-223). Contestación / Amós Salvador (p. 225-246). Proceso del sindicalismo revolucionario / Julio Puyol y Alonso (p. 247-311). Contestación / Adolfo Bonilla y San Martín (p. 313-327). La Rota española / Javier Vales Failde (p. 329-453). Contestación / Marqués de Figueroa (p. 455-475). La jurisprudencia y la vida del derecho / Niceto Alcalá-Zamora y Torres (p. 477-521). Contestación / Rafael Ureña y Smenjaud (p. 523-534). Ideario de previsión social / Álvaro López Núñez (p. 535-639). Contestación / Eduardo Sanz y Escartín (p. 641-653).
700 1# - ENTRADA AGREGADA--NOMBRE PERSONAL
Nombre de persona Salvador y Rodrigáñez, Amós,
Fechas asociadas al nombre 1845-1922
9 (RLIN) 102102
700 1# - ENTRADA AGREGADA--NOMBRE PERSONAL
Nombre de persona Bonilla y San Martín, Adolfo,
Fechas asociadas al nombre 1875-1926
9 (RLIN) 30193
700 1# - ENTRADA AGREGADA--NOMBRE PERSONAL
Nombre de persona Eza, Luis Marichalar y Monreal,
Títulos y otros términos asociados al nombre Vizconde de,
Fechas asociadas al nombre 1873-1945
9 (RLIN) 76705
700 1# - ENTRADA AGREGADA--NOMBRE PERSONAL
Nombre de persona Sanz y Escartín, Eduardo,
Fechas asociadas al nombre 1855-1939
9 (RLIN) 103695
700 1# - ENTRADA AGREGADA--NOMBRE PERSONAL
Nombre de persona Pedregal y Sánchez Calvo, José Manuel.
9 (RLIN) 89898
700 1# - ENTRADA AGREGADA--NOMBRE PERSONAL
Nombre de persona Puyol y Alonso, Julio,
Fechas asociadas al nombre 1865-1937
9 (RLIN) 94454
700 1# - ENTRADA AGREGADA--NOMBRE PERSONAL
Nombre de persona Vales Failde, Javier.
9 (RLIN) 112684
700 1# - ENTRADA AGREGADA--NOMBRE PERSONAL
Nombre de persona Figueroa, Juan Armada y Losada,
Títulos y otros términos asociados al nombre Marqués de,
Fechas asociadas al nombre 1861-1932
9 (RLIN) 50781
700 1# - ENTRADA AGREGADA--NOMBRE PERSONAL
Nombre de persona Alcalá Zamora, Niceto,
Fechas asociadas al nombre 1877-1949
9 (RLIN) 19473
700 1# - ENTRADA AGREGADA--NOMBRE PERSONAL
Nombre de persona Ureña y Smenjaud, Rafael de,
Fechas asociadas al nombre 1852-1930
9 (RLIN) 112127
700 1# - ENTRADA AGREGADA--NOMBRE PERSONAL
Nombre de persona López Núñez, Alvaro.
9 (RLIN) 73832
852 ## - LOCALIZACIÓN
Ubicación ES-MaACL
Número de control de estantería K-195
Holdings
Estatus retirado Estado de pérdida Estado de daño No para préstamo Colección Biblioteca de origen Biblioteca actual Ubicación en estantería Fecha de adquisición Total de préstamos Signatura topográfica completa Código de barras Visto por última vez Precio de reemplazo Tipo de ítem Koha
        Periódicos y Revistas Biblioteca del Ateneo de Madrid Biblioteca del Ateneo de Madrid Administración 21/10/2009   K-195 1181593 23/02/2023 23/02/2023 Revista